Nier lore - Statistics

General Stats
  • This quiz has been taken 61 times
    37 since last reset
  • The average score is 12 of 19
Answer Stats
Prompt Answer % Correct
The redhaired twins Devola and Popola
90%
The name of the white-haired secondary protagonist woman in Gestalt/Replicant Kaine
90%
The person who made the Nier games Yoko Taro
90%
The game that Nier is a spinoff of Drakengard
83%
The leader of the friendly machine village in Automata Pascal
83%
What does the B in 2B stand for? Battle
77%
The name of the grimoire companion in Gestalt/Replicant Weiss
73%
The core of Yorha androids Black box
67%
What does the A in A2 stand for? Attack
63%
The name of the android that monitors singularities across timelines Accord
60%
Name the final boss of act 1 in Automata Eve
60%
What does the S in 9S stand for? Scanner
60%
The main character's sister from Gestalt/Replicant Yonah
57%
The name of the fake white city created by Adam Copied city
47%
The disease that threatened the replicants The black scrawl
43%
The leader of the Legion Red Eye
33%
The desert kingdom from Gestalt/Replicant Facade
30%
The name of the track that plays on the main title screen of Automata Significance
23%
The disease that threatened humanity White chlorination syndrome
20%
No matching quizzes found
Score Distribution
Percent of People with Each Score
Percentile by Number Answered
Your Score History
You have not taken this quiz since the last reset